000 00432cam a2200145 4500500
005 20251228083035.0
041 _afre
042 _adc
100 1 0 _aKapp, Volker
_eauthor
245 0 0 _aAvant-propos
260 _c2012.
500 _a49
786 0 _nDix-septième siècle | 254 | 1 | 2012-03-01 | p. 3-5 | 0012-4273
856 4 1 _uhttps://shs.cairn.info/revue-dix-septieme-siecle-2012-1-page-3?lang=fr&redirect-ssocas=7080
999 _c1600411
_d1600411